Ecosistemas madrileños / (Record no. 58988)

MARC details
000 -LEADER
campo de control de longitud fija 00779nam a2200205 i 4500
001 - NÚMERO DE CONTROL
campo de control 58988
003 - IDENTIFICADOR DE NÚMERO DE CONTROL
campo de control ES-MaACL
005 - FECHA Y HORA DE LA ÚLTIMA TRANSACCIÓN
campo de control 20230906163932.0
007 - CAMPO FIJO DE DESCRIPCIÓN FÍSICA--INFORMACIÓN GENERAL
campo de control de longitud fija t|
008 - DATOS DE LONGITUD FIJA--INFORMACIÓN GENERAL
campo de control de longitud fija 031027s1987 sp a |||| | spa d
245 00 - MENCIÓN DEL TÍTULO
Título Ecosistemas madrileños /
Mención de responsabilidad, etc. edición, Antonio López Lillo ; autores, María Teresa Munitis Amiano ... [et al.].
260 ## - PUBLICACIÓN, DISTRIBUCIÓN, ETC.
Lugar de publicación, distribución, etc. Madrid :
Nombre del editor, distribuidor, etc. Comunidad de Madrid, Consejería de Agricultura y Ganadería, Dirección General del Medio Rural,
Fecha de publicación, distribución, etc. [1987]
300 ## - DESCRIPCIÓN FÍSICA
Extensión 122 p. :
Otras características físicas il. col. y n. ;
Dimensiones 30 x 42 cm.
500 ## - NOTA GENERAL
Nota general Índice.
504 ## - NOTA DE BIBLIOGRAFÍA, ETC.
Nota de bibliografía, etc. Bibliografía: p. 121-122.
650 #4 - PUNTO DE ACCESO ADICIONAL DE MATERIA--TÉRMINO DE MATERIA
Término de materia o nombre geográfico como elemento de entrada Ecosistemas-
Subdivisión geográfica Madrid (Comunidad Autónoma)
9 (RLIN) 169389
700 1# - ENTRADA AGREGADA--NOMBRE PERSONAL
Nombre de persona López Lillo, Antonio.
9 (RLIN) 73724
700 1# - ENTRADA AGREGADA--NOMBRE PERSONAL
Nombre de persona Munitis Amiano, María Teresa.
9 (RLIN) 169390
852 ## - LOCALIZACIÓN
Ubicación ES-MaACL
Número de control de estantería B-473
Holdings
Estatus retirado Estado de pérdida Estado de daño No para préstamo Biblioteca de origen Biblioteca actual Ubicación en estantería Fecha de adquisición Fuente de adquisición Total de préstamos Signatura topográfica completa Código de barras Visto por última vez Precio de reemplazo Tipo de ítem Koha
        Biblioteca del Ateneo de Madrid Biblioteca del Ateneo de Madrid Sala Pardo Bazán 17/01/2008     B-473 1061878 23/02/2023 23/02/2023 Libro impreso